Naše skúsenosti s katetrizáciou srdca u detí ; T. Šagát, V. Milovský, J. Siman, Ľ. Krajčovič, O. Polákovičová, J. Kirňák, J. Matejka

Podrobná bibliografia
Hlavní autori: Šagát, Tibor, 1942- (Autor), Milovský, Vladimír (Autor), Siman, Jaroslav, 1933-2008 (Autor), Krajčovič, Ľ. (Autor), Polákovičová, O. (Autor), Kirňák, J. (Autor), Matejka, J. (Autor)
Médium: Článok
Jazyk:slovenčina
Fyzický popis:Tb. 3. Graf 1. Schéma 1. Res. rus., angl.
Predmet:

MARC

LEADER 00000nab a2200000 a 4500
001 vtls000143211
003 SK-MaSNL
005 20260304174733.0
008 220422c1983 xo 0 slo
015 |a SNBRB19rr/mm-uuuuu 
035 |a CL0153318 
040 |a SNKBUCL  |b slo  |c SNKBUCL  |e AACR2 
041 0 |a slo 
044 |a xo  |c SK 
080 |a 616-089.819.1  |2 1981 
245 0 0 |a Naše skúsenosti s katetrizáciou srdca u detí ; T. Šagát, V. Milovský, J. Siman, Ľ. Krajčovič, O. Polákovičová, J. Kirňák, J. Matejka 
300 |b Tb. 3. Graf 1. Schéma 1. Res. rus., angl. 
650 0 7 |a choroby srdca  |2 snkbucl  |9 1246 
650 0 7 |a katetrizácia  |2 snkbucl  |9 20174 
655 7 |a články z novín a časopisov  |2 snkbucl  |9 267496 
700 1 |a Šagát, Tibor,  |d 1942-  |4 aut  |9 196955 
700 1 |a Milovský, Vladimír  |4 aut  |9 8040 
700 1 |a Siman, Jaroslav,  |d 1933-2008  |4 aut  |9 18566 
700 1 |a Krajčovič, Ľ.  |4 aut  |9 754467 
700 1 |a Polákovičová, O.  |4 aut  |9 1506349 
700 1 |a Kirňák, J.  |4 aut  |9 855356 
700 1 |a Matejka, J.  |4 aut  |9 443193 
773 0 |t Československá pediatrie  |g Roč. 38, č. 2 (1983), s. 106-108 
850 |a Slovenská národná knižnica v Martine  |a MTA001 
852 |a SNK  |b KIS3GCP 
958 |a RK 
958 |a ME 
992 |a RBX 
999 |c 3010295  |d 3012225